ទសជាតក : (Record no. 6725)
[ view plain ]
| 000 -LEADER | |
|---|---|
| fixed length control field | 02895nam a22002657a 4500 |
| 001 - CONTROL NUMBER | |
| control field | 6725 |
| 003 - CONTROL NUMBER IDENTIFIER | |
| control field | FISKH |
| 005 - DATE AND TIME OF LATEST TRANSACTION | |
| control field | 20250523091717.0 |
| 008 - FIXED-LENGTH DATA ELEMENTS--GENERAL INFORMATION | |
| fixed length control field | 250522b cb ||||| |||| 00| 0 eng d |
| 020 ## - INTERNATIONAL STANDARD BOOK NUMBER | |
| International Standard Book Number | 9789996333347 |
| 040 ## - CATALOGING SOURCE | |
| Original cataloging agency | FISKH |
| Language of cataloging | khr |
| Transcribing agency | FISKH |
| Modifying agency | FISKH |
| 082 ## - DEWEY DECIMAL CLASSIFICATION NUMBER | |
| Classification number | 895.932 |
| 100 ## - MAIN ENTRY--PERSONAL NAME | |
| Personal name | Sokheng, Kong |
| 245 ## - TITLE STATEMENT | |
| Title | ទសជាតក : |
| Remainder of title | អក្សរសិល្ប៏ពុទ្ឌនិយម / |
| Statement of responsibility, etc. | រៀបរៀងដោយ គង់ សុខហេង |
| 250 ## - EDITION STATEMENT | |
| Edition statement | បោះពុម្ពលើកទី ១ |
| 260 ## - PUBLICATION, DISTRIBUTION, ETC. | |
| Place of publication, distribution, etc. | ភ្នំពេញ : |
| Name of publisher, distributor, etc. | ប៉ៃ ណែត , |
| Date of publication, distribution, etc. | 2013 . |
| 300 ## - PHYSICAL DESCRIPTION | |
| Extent | 315 pages : |
| Other physical details | color illustrations ; |
| Dimensions | 21 cm . |
| 520 ## - SUMMARY, ETC. | |
| Summary, etc. | សៀវភៅ ទសជាតកៈ សិក្សាអក្សរសិល្ប៍ពុទ្ធនិយម ដែលត្រូវបានរៀបរៀងដោយលោក គង់ សុខហេង គឺជាវិចារណកថាសិក្សាដែលផ្តល់ចំណេះដឹងអប់រំអំពីអក្សរសិល្ប៍ពុទ្ធសាសនា ដោយផ្តោតលើរឿង ជាតក។ រឿងជាតកទាំងនេះ ពិពណ៌នាអំពីជីវិតមុនៗរបស់ព្រះពុទ្ធ ដែលបង្ហាញពីមេរៀនខាងឯរិត្តធម៌ និងការបង្កើនគុណវុឌ្ឍិលក្ខណៈល្អ។<br/><br/><br/><br/><br/> |
| 520 ## - SUMMARY, ETC. | |
| Summary, etc. | The book ទសជាតកៈ សិក្សាអក្សរសិល្ប៍ពុទ្ធនិយម (Ten Jataka Tales: A Study of Buddhist Literature) by Kong Sokheng is an educational resource that delves into the study of Buddhist literary works, focusing on the Jataka tales. These tales narrate the previous lives of the Buddha, illustrating moral lessons and the cultivation of virtues |
| 520 ## - SUMMARY, ETC. | |
| Summary, etc. | សៀវភៅ ទសជាតកៈ សិក្សាអក្សរសិល្ប៍ពុទ្ធនិយម ដែលត្រូវបានរៀបរៀងដោយលោក គង់ សុខហេង គឺជាវិចារណកថាសិក្សាដែលផ្តល់ចំណេះដឹងអប់រំអំពីអក្សរសិល្ប៍ពុទ្ធសាសនា ដោយផ្តោតលើរឿង ជាតក។ រឿងជាតកទាំងនេះ ពិពណ៌នាអំពីជីវិតមុនៗរបស់ព្រះពុទ្ធ ដែលបង្ហាញពីមេរៀនខាងឯរិត្តធម៌ និងការបង្កើនគុណវុឌ្ឍិលក្ខណៈល្អ។ |
| 650 ## - SUBJECT ADDED ENTRY--TOPICAL TERM | |
| Topical term or geographic name entry element | ទសជាតក |
| Form subdivision | អក្សរសិល្ប៏ពុទ្ធនិយម |
| 650 ## - SUBJECT ADDED ENTRY--TOPICAL TERM | |
| Topical term or geographic name entry element | Toscheadok |
| Form subdivision | Buddhist literature |
| 942 ## - ADDED ENTRY ELEMENTS (KOHA) | |
| Source of classification or shelving scheme | Dewey Decimal Classification |
| Koha item type | Khmer Books |
| Suppress in OPAC | No |
| Withdrawn status | Lost status | Source of classification or shelving scheme | Damaged status | Not for loan | Collection | Home library | Current library | Shelving location | Date acquired | Total Checkouts | Full call number | Barcode | Date last seen | Copy number | Price effective from | Koha item type | Date last checked out |
|---|---|---|---|---|---|---|---|---|---|---|---|---|---|---|---|---|---|
| Dewey Decimal Classification | Khmer Language Books / សៀវភៅភាសាខ្មែរ | Footprints International School Library Network Toul Tom Poung Campus | Footprints International School Library Network Toul Tom Poung Campus | TTP Secondary Khmer Bookshelves | 05/22/2025 | SOK 895.932 | FISSE02236 | 05/22/2025 | 1 | 05/22/2025 | Khmer Books | ||||||
| Dewey Decimal Classification | Khmer Language Books / សៀវភៅភាសាខ្មែរ | Footprints International School Library Network Toul Tom Poung Campus | Footprints International School Library Network Toul Tom Poung Campus | TTP Secondary Khmer Bookshelves | 05/22/2025 | SOK 895.932 | FISSE02207 | 05/22/2025 | 2 | 05/22/2025 | Khmer Books | ||||||
| Dewey Decimal Classification | Khmer Language Books / សៀវភៅភាសាខ្មែរ | Footprints International School Library Network Toul Tom Poung Campus | Footprints International School Library Network Toul Tom Poung Campus | TTP Secondary Khmer Bookshelves | 05/22/2025 | SOK 895.932 | FISSE01611 | 05/22/2025 | 3 | 05/22/2025 | Khmer Books | ||||||
| Dewey Decimal Classification | Khmer Language Books / សៀវភៅភាសាខ្មែរ | Footprints International School Library Network Toul Tom Poung Campus | Footprints International School Library Network Toul Tom Poung Campus | TTP Secondary Khmer Bookshelves | 05/22/2025 | 2 | SOK 895.932 | FISSE02222 | 02/27/2026 | 4 | 05/22/2025 | Khmer Books | 02/02/2026 | ||||
| Dewey Decimal Classification | Khmer Language Books / សៀវភៅភាសាខ្មែរ | Footprints International School Library Network Toul Tom Poung Campus | Footprints International School Library Network Toul Tom Poung Campus | TTP Secondary Khmer Bookshelves | 05/22/2025 | SOK 895.932 | 2025-1389 | 05/22/2025 | 5 | 05/22/2025 | Khmer Books |
